000 00505nam a2200181Ia 4500
008 151018s9999 xx 000 0 und d
082 _bRBASDV44609
_a340
100 _aअभया शेलकर
245 _aतुरुंग
250 _b1
260 _bनाशिक लॉ हाऊस
_c2006
300 _a140
600 _aअभया शेलकर
630 _aतुरुंग
700 _aअभया शेलकर
730 _aतुरुंग
942 _cBOOK
999 _c1043806
_d1043803